000 00785nam a2200253Ia 4500
003 OSt
005 20220930204242.0
006 a|||||r|||| 00| 0
007 ta
008 220926b |||||||| |||| 00| 0 hin d
024 _a86366
037 _cDissertations
040 _aCRL
_cCRL
_bhin
041 _2hin
_ahin
100 _aJain Kirti
_9566762
110 _aUniversity of Delhi. Faculty of Arts. Department of Hindi
245 0 _aNilesh Raghuvanshi ki kavitaon mein Issttri-asmita aur varg chetna ka sambandh
260 _c2006
650 _aHINDI LITERATURE
_923866
700 _a Prof. Ajay Tewari Gu.
700 _aUniversity of Delhi. Faculty of Arts. Department of Hindi
942 _cDIS
_2CC
999 _c905786
_d905786